Statistics for Islands of Cape Verde

Click here to take the quiz!

General Stats

  • This quiz has been taken 4 times
  • The average score is 8 of 10

Answer Stats

Islands% Correct
Sal
100%
Santiago
100%
Boa Vista
75%
Brava
75%
Fogo
75%
Maio
75%
Santo Antao
75%
Sao Nicolau
75%
Sao Vincente
75%
Santa Luzia
50%

Score Distribution

Percentile by Number Answered

Percent of People with Each Score

Your Score History

You have not taken this quiz